Association study of the ABCA7 rs3752246 polymorphism in Alzheimer's disease

Elmentve itt :
Bibliográfiai részletek
Szerzők: Fehér Ágnes
Juhász Anna
Pákáski Magdolna
Janka Zoltán
Kálmán János
Dokumentumtípus: Cikk
Megjelent: 2019
Sorozat:PSYCHIATRY RESEARCH 279
Tárgyszavak:
doi:10.1016/j.psychres.2019.01.081

mtmt:31303085
Online Access:http://publicatio.bibl.u-szeged.hu/32037
LEADER 00859nab a2200253 i 4500
001 publ32037
005 20240528083032.0
008 240528s2019 hu o 000 eng d
022 |a 0165-1781 
024 7 |a 10.1016/j.psychres.2019.01.081  |2 doi 
024 7 |a 31303085  |2 mtmt 
040 |a SZTE Publicatio Repozitórium  |b hun 
041 |a eng 
100 1 |a Fehér Ágnes 
245 1 0 |a Association study of the ABCA7 rs3752246 polymorphism in Alzheimer's disease  |h [elektronikus dokumentum] /  |c  Fehér Ágnes 
260 |c 2019 
300 |a 376-377 
490 0 |a PSYCHIATRY RESEARCH  |v 279 
650 4 |a Klinikai orvostan 
700 0 1 |a Juhász Anna  |e aut 
700 0 1 |a Pákáski Magdolna  |e aut 
700 0 1 |a Janka Zoltán  |e aut 
700 0 1 |a Kálmán János  |e aut 
856 4 0 |u http://publicatio.bibl.u-szeged.hu/32037/1/1-s2.0-S0165178118316846-main.pdf  |z Dokumentum-elérés